000 00833nam a22002777a 4500
001 0032700
003 KOHA_MİRAKIL
005 20260207002836.0
007 ta
008 110926b1986 tu |||gr||||#0|||1|tur |
040 _aTR-BiSEU
_btur
_cTR-BiSEU
_erda
041 0 _atur
044 _ctu
050 _aPE1130
_b.S47 1986
100 1 _aŞerif, Bahire.
245 1 _aİngilizce'de yardımcı fiiller, zamanlar özeti, edilgen çatı, nakledilen söz/
_cBahire Şerif ; Bahire Şerif.
264 1 _aİstanbul :
_bFono Yayınları
_c1986
300 _a204 sayfa ;
_c20 cm.
336 _ametin
_btxt
_2rdacontent
337 _aaracısız
_bn
_2rdamedia
338 _acilt
_bnc
_2rdacarrier
650 0 _aİngiliz dili--Dilbilgisi.
_93397
650 0 _aEnglish language--Grammar.
_93478
907 _aDil
942 _2lcc
_cBK
999 _c32859
_d32859